| 000 | 01024nam a2200277 i 4500 | ||
|---|---|---|---|
| 001 | 161397 | ||
| 003 | ES-MaACL | ||
| 005 | 20260204114305.0 | ||
| 008 | 041019s1911 sp |||| | spa d | ||
| 100 | 1 |
_aPardo Bazán, Emilia, _cCondesa de, _d1851-1921 _9176434 |
|
| 245 | 1 | 0 |
_aInsolación _b; y Morriña : dos historias amorosas / _cEmila Pardo-Bazán, condesa de Pardo-Bazán. |
| 246 | 3 | 0 | _aMorriña |
| 260 |
_aMadrid : _bV. Prieto y Compañía, _c1911. |
||
| 300 |
_a364 p. ; _c19 cm. |
||
| 490 | 1 |
_aObras completas ; _v7 |
|
| 490 | 1 | _aBiblioteca Renacimiento | |
| 530 | _aDisponible en formato digital. | ||
| 655 | 0 |
_aNovelas _9234319 |
|
| 655 | 0 |
_9233957 _aNovelas románticas |
|
| 830 | 0 |
_aObras completas ; _v7 _9176447 |
|
| 830 | 0 |
_aBiblioteca Renacimiento _9176448 |
|
| 852 |
_aES-MaACL _jB-4087 _zEncuadernación holandesa., conservando cubierta original _cSPB |
||
| 856 | 4 |
_uhttp://bdh-rd.bne.es/viewer.vm?id=0000201191&page=1 _yBiblioteca Digital Hispánica |
|
| 942 | _2udc | ||
| 999 |
_c161397 _d161397 |
||